Fr. Conceicao Rodrigues College of Engineering

Feedback Amplifiers (Record no. 30384)

MARC details
000 -LEADER
fixed length control field 00293nam a2200145Ia 4500
082 ## - DEWEY DECIMAL CLASSIFICATION NUMBER
Classification number 621.381 535
Item number PAL
100 ## - MAIN ENTRY--PERSONAL NAME
Personal name Palumbo G/ Pennisi/S
245 ## - TITLE STATEMENT
Title Feedback Amplifiers
260 ## - PUBLICATION, DISTRIBUTION, ETC.
Name of publisher, distributor, etc. Springer
Date of publication, distribution, etc. 2002
366 ## - TRADE AVAILABILITY INFORMATION
Publishers's discount category 20
300 ## - PHYSICAL DESCRIPTION
Extent 262
546 ## - LANGUAGE NOTE
Language note ENGLISH
942 ## - ADDED ENTRY ELEMENTS (KOHA)
Koha item type BOOK
Holdings
Withdrawn status Lost status Damaged status Not for loan Collection Home library Current library Date acquired Source of acquisition Cost, normal purchase price Inventory number Total Checkouts Full call number Barcode Date last seen Cost, replacement price Price effective from Koha item type
        CRC Fr. Agnel's C.Rodrigues College of Engineering Fr. Agnel's C.Rodrigues College of Engineering 17/03/2023 Ane Books India 236.00 5 dt 29/04/2009   621.381 535 PAL 19679 17/03/2023 295.00   BOOK